Más allá de lo imaginable : (Registro nro. 63293)
[ vista simple ]
| 000 -LEADER | |
|---|---|
| campo de control de longitud fija | 01649nam a22003614i 4500 |
| 003 - IDENTIFICADOR DE NÚMERO DE CONTROL | |
| campo de control | PE-LiUPU |
| 005 - FECHA Y HORA DE LA ÚLTIMA TRANSACCIÓN | |
| campo de control | 20260217113935.0 |
| 008 - DATOS DE LONGITUD FIJA--INFORMACIÓN GENERAL | |
| campo de control de longitud fija | 140828s2014 ag 000 0 spa d |
| 020 ## - NÚMERO INTERNACIONAL ESTÁNDAR DEL LIBRO | |
| Número Internacional Estándar del Libro | 9789877012156 |
| 040 ## - FUENTE DE CATALOGACIÓN | |
| Centro catalogador/agencia de origen | PE-LiUPU |
| Lengua de catalogación | spa |
| Centro/agencia transcriptor | PE-LiUPU |
| Normas de descripción | rda |
| 041 1# - CÓDIGO DE IDIOMA | |
| Código de lengua del texto/banda sonora o título independiente | spa |
| Código de lengua original | eng |
| 082 04 - NÚMERO DE LA CLASIFICACIÓN DECIMAL DEWEY | |
| Número de clasificación | 231.7 |
| Cutter | B181m |
| Número de edición | 23 |
| 100 1# - ENTRADA PRINCIPAL--NOMBRE DE PERSONA | |
| Nombre de persona | Baldwin, John T., |
| Término indicativo de función/relación | autor. |
| 9 (RLIN) | 8071 |
| 245 10 - MENCIÓN DEL TÍTULO | |
| Título | Más allá de lo imaginable : |
| Resto del título | ¿Hay vida fuera de lo que conocemos? / |
| Mención de responsabilidad, etc. | John T. Baldwin, L. James Gibson, Jerry D. Thomas. |
| 250 ## - MENCION DE EDICION | |
| Mención de edición | Primera edición. |
| 264 #1 - PRODUCCIÓN, PUBLICACIÓN, DISTRIBUCIÓN, FABRICACIÓN Y COPYRIGHT | |
| Producción, publicación, distribución, fabricación y copyright | Florida, Buenos Aires : |
| Nombre del de productor, editor, distribuidor, fabricante | Asociación Casa Editora Sudamericana, |
| Fecha de producción, publicación, distribución, fabricación o copyright | 2014. |
| 300 ## - DESCRIPCIÓN FÍSICA | |
| Extensión | 127 páginas : |
| Otras características físicas | ilustraciones ; |
| Dimensiones | 21 cm |
| 336 ## - TIPO DE CONTENIDO | |
| Término de tipo de contenido | text |
| Fuente | rdacontent |
| 337 ## - TIPO DE MEDIO | |
| Nombre/término del tipo de medio | unmediated |
| Fuente | rdamedia |
| 338 ## - TIPO DE SOPORTE | |
| Nombre/término del tipo de soporte | volume |
| Fuente | rdacarrier |
| 500 ## - NOTA GENERAL | |
| Nota general | Traducción de: Beyond Imagination Is There More to Life Than We Know? |
| 505 0# - NOTA DE CONTENIDO CON FORMATO | |
| Nota de contenido con formato | Más allá de lo imaginable -- El día en que el universo cambió para siempre -- El diseño de la Tierra -- La singularidad de los seres humanos -- Un regalo de equilibrio -- ¿Por qué lo malo? -- El plan de Jesús -- Rescate desde arriba -- Tierra 2.0 -- Una nueva manera de pensar. |
| 650 14 - PUNTO DE ACCESO ADICIONAL DE MATERIA--TÉRMINO DE MATERIA | |
| Término de materia o nombre geográfico como elemento de entrada | Creación |
| 9 (RLIN) | 1405 |
| 650 24 - PUNTO DE ACCESO ADICIONAL DE MATERIA--TÉRMINO DE MATERIA | |
| Término de materia o nombre geográfico como elemento de entrada | Cosmología religiosa |
| 9 (RLIN) | 8091 |
| 650 24 - PUNTO DE ACCESO ADICIONAL DE MATERIA--TÉRMINO DE MATERIA | |
| Término de materia o nombre geográfico como elemento de entrada | Religión y ciencia |
| 9 (RLIN) | 948 |
| 650 24 - PUNTO DE ACCESO ADICIONAL DE MATERIA--TÉRMINO DE MATERIA | |
| Término de materia o nombre geográfico como elemento de entrada | Vida en otros planetas |
| Subdivisión general | Aspectos religiosos. |
| 700 ## - ENTRADA AGREGADA--NOMBRE PERSONAL | |
| Nombre de persona | Gibson, L. James, |
| Término indicativo de función/relación | autor. |
| 9 (RLIN) | 8072 |
| 700 ## - ENTRADA AGREGADA--NOMBRE PERSONAL | |
| Nombre de persona | Thomas, Jerry D., |
| Término indicativo de función/relación | autor. |
| 9 (RLIN) | 8073 |
| 700 ## - ENTRADA AGREGADA--NOMBRE PERSONAL | |
| Nombre de persona | Samojluk, Doris, |
| Término indicativo de función/relación | traductora. |
| 9 (RLIN) | 8074 |
| 710 2# - ENTRADA AGREGADA--NOMBRE DE ENTIDAD CORPORATIVA | |
| Nombre de entidad corporativa o nombre de jurisdicción como elemento de entrada | Asociación Casa Editora Sudamericana, |
| Término indicativo de función/relación | editor. |
| 942 ## - ELEMENTOS DE ENTRADA SECUNDARIOS (KOHA) | |
| Fuente del sistema de clasificación o colocación | Clasificación Decimal Dewey |
| Tipo de ítem Koha | Libros físicos |
| 980 ## - EQUIVALENCIA O REFERENCIA-CRUZADA-MENCIÓN DE SERIE--NOMBRE DE PERSONA/TÍTULO [LOCAL, CANADÁ] | |
| ID del usuario creador del registro | 18228 |
| Nombre del creador del registro | Rebeca Esther Huerta Leyton |
| ID del último usuario que modificó el registro | 18226 |
| Nombre del último usuario que modificó el registro | Jaime Vilcazán Jefe de Análisis Documental |
| Visto por última vez | Total de préstamos | Signatura topográfica completa | Código de barras | Copia número | Coste, precio de reemplazo | Fecha de reemplazo | Facultad | Tipo de ítem Koha | Estado de pérdida | Fuente del sistema de clasificación o colocación | Restricciones de uso | No para préstamo | Colección | Programa académico | Biblioteca de origen | Biblioteca actual | Ubicación en estantería | Fecha de adquisición | Fuente de adquisición |
|---|---|---|---|---|---|---|---|---|---|---|---|---|---|---|---|---|---|---|---|
| 2026-03-15 | 231.7 B181m | 83084 | e1 | 18.40 | 2026-02-16 | Teología | Libros físicos | No Perdido | Clasificación Decimal Dewey | No restringido | Disponible para préstamos | Colección General | Teología | Biblioteca CRAI UPeU Lima | Biblioteca CRAI UPeU Lima | Sala principal | 2025-12-10 | Donación, David Echevarría |